<?xml version="1.0" encoding="UTF-8"?>
<record
    xmlns:xsi="http://www.w3.org/2001/XMLSchema-instance"
    xsi:schemaLocation="http://www.loc.gov/MARC21/slim http://www.loc.gov/standards/marcxml/schema/MARC21slim.xsd"
    xmlns="http://www.loc.gov/MARC21/slim">

  <leader>00769nam a22002417a 4500</leader>
  <controlfield tag="001">10127</controlfield>
  <controlfield tag="003">BD-RjUL</controlfield>
  <controlfield tag="005">20211208234909.0</controlfield>
  <controlfield tag="008">140123s1962    ii a|||| |||| 00| 0 eng d</controlfield>
  <datafield tag="035" ind1=" " ind2=" ">
    <subfield code="a">(BD-RjUL)10174</subfield>
  </datafield>
  <datafield tag="040" ind1=" " ind2=" ">
    <subfield code="a">BD-RjUL</subfield>
    <subfield code="b">eng</subfield>
    <subfield code="c">BD-RjUL</subfield>
  </datafield>
  <datafield tag="041" ind1=" " ind2=" ">
    <subfield code="a">eng</subfield>
  </datafield>
  <datafield tag="082" ind1="0" ind2="4">
    <subfield code="a">540.72</subfield>
    <subfield code="b">DES 1966</subfield>
  </datafield>
  <datafield tag="100" ind1="1" ind2=" ">
    <subfield code="a">DeBruyne, Kate I</subfield>
    <subfield code="9">31262</subfield>
  </datafield>
  <datafield tag="245" ind1="1" ind2="0">
    <subfield code="a">Semimicro chemistry :</subfield>
    <subfield code="b">a High School Laboratory Course /</subfield>
    <subfield code="c">by Kate I DeBruyne; Leander R Kirk; Lester D Beers</subfield>
  </datafield>
  <datafield tag="260" ind1=" " ind2=" ">
    <subfield code="a">Calcutta :</subfield>
    <subfield code="b">Oxford &amp;IBH Publishing Co.,</subfield>
    <subfield code="c">c1962 [1966].</subfield>
  </datafield>
  <datafield tag="300" ind1=" " ind2=" ">
    <subfield code="a">vi, 282 p. ;</subfield>
    <subfield code="c">28 cm.</subfield>
  </datafield>
  <datafield tag="650" ind1=" " ind2="0">
    <subfield code="a">Chemistry  </subfield>
    <subfield code="x">Laboratory manuals.</subfield>
    <subfield code="9">28309</subfield>
  </datafield>
  <datafield tag="650" ind1=" " ind2="0">
    <subfield code="a">Microchemistry. </subfield>
    <subfield code="9">29314</subfield>
  </datafield>
  <datafield tag="700" ind1="1" ind2=" ">
    <subfield code="a">Kirk, Leander R</subfield>
    <subfield code="9">31263</subfield>
  </datafield>
  <datafield tag="700" ind1="1" ind2=" ">
    <subfield code="a">Beers,  Lester D</subfield>
    <subfield code="9">31264</subfield>
  </datafield>
  <datafield tag="942" ind1=" " ind2=" ">
    <subfield code="2">ddc</subfield>
    <subfield code="c">BK</subfield>
  </datafield>
  <datafield tag="999" ind1=" " ind2=" ">
    <subfield code="c">10127</subfield>
    <subfield code="d">10127</subfield>
  </datafield>
  <datafield tag="952" ind1=" " ind2=" ">
    <subfield code="0">0</subfield>
    <subfield code="1">0</subfield>
    <subfield code="2">ddc</subfield>
    <subfield code="4">0</subfield>
    <subfield code="7">1</subfield>
    <subfield code="8">NFIC</subfield>
    <subfield code="a">RUCL</subfield>
    <subfield code="b">RUCL</subfield>
    <subfield code="c">Reading</subfield>
    <subfield code="d">1980-06-27</subfield>
    <subfield code="e">Standard Publishing, Rajshahi</subfield>
    <subfield code="g">12.50</subfield>
    <subfield code="l">0</subfield>
    <subfield code="o">540.72 DES 1966</subfield>
    <subfield code="r">2014-01-23 00:00:00</subfield>
    <subfield code="t">C-1</subfield>
    <subfield code="w">2014-01-23</subfield>
    <subfield code="y">BK</subfield>
  </datafield>
  <datafield tag="952" ind1=" " ind2=" ">
    <subfield code="0">0</subfield>
    <subfield code="1">0</subfield>
    <subfield code="2">ddc</subfield>
    <subfield code="4">0</subfield>
    <subfield code="7">0</subfield>
    <subfield code="8">NFIC</subfield>
    <subfield code="a">RUCL</subfield>
    <subfield code="b">RUCL</subfield>
    <subfield code="c">Stack</subfield>
    <subfield code="d">1980-06-27</subfield>
    <subfield code="e">Standard Publishing, Rajshahi</subfield>
    <subfield code="g">12.50</subfield>
    <subfield code="l">0</subfield>
    <subfield code="o">540.72 DES 1966</subfield>
    <subfield code="r">2017-05-20 00:00:00</subfield>
    <subfield code="t">C-2</subfield>
    <subfield code="w">2017-05-20</subfield>
    <subfield code="y">BK</subfield>
  </datafield>
  <datafield tag="952" ind1=" " ind2=" ">
    <subfield code="0">0</subfield>
    <subfield code="1">0</subfield>
    <subfield code="2">ddc</subfield>
    <subfield code="4">0</subfield>
    <subfield code="7">0</subfield>
    <subfield code="8">NFIC</subfield>
    <subfield code="a">RUCL</subfield>
    <subfield code="b">RUCL</subfield>
    <subfield code="c">Stack</subfield>
    <subfield code="d">1980-06-27</subfield>
    <subfield code="e">Standard Publishing, Rajshahi</subfield>
    <subfield code="g">12.50</subfield>
    <subfield code="l">0</subfield>
    <subfield code="o">540.72 DES 1962</subfield>
    <subfield code="r">2017-05-20 00:00:00</subfield>
    <subfield code="t">C-3</subfield>
    <subfield code="w">2017-05-20</subfield>
    <subfield code="y">BK</subfield>
  </datafield>
  <datafield tag="952" ind1=" " ind2=" ">
    <subfield code="0">0</subfield>
    <subfield code="1">0</subfield>
    <subfield code="2">ddc</subfield>
    <subfield code="4">0</subfield>
    <subfield code="7">0</subfield>
    <subfield code="8">NFIC</subfield>
    <subfield code="a">RUCL</subfield>
    <subfield code="b">RUCL</subfield>
    <subfield code="c">Stack</subfield>
    <subfield code="d">1980-06-27</subfield>
    <subfield code="e">Standard Publishing, Rajshahi</subfield>
    <subfield code="g">12.50</subfield>
    <subfield code="l">0</subfield>
    <subfield code="o">540.72 DES 1962</subfield>
    <subfield code="r">2017-05-20 00:00:00</subfield>
    <subfield code="t">C-4</subfield>
    <subfield code="w">2017-05-20</subfield>
    <subfield code="y">BK</subfield>
  </datafield>
</record>
